00000000nam##2200000za#4500
0019.607064
003CaOODSP
00520210624212936
007cr |||||||||||
008150406|2001||||xxc|||||o    f|0| 0 fre|d
040 |aCaOODSP|bfre
043 |an-cn---
0861 |aEn163-1/9F-PDF
1101 |aCanada. |bEnvironnement Canada. |bRégion de l'Ontario.
24510|aProcédures d'intervention en cas d'urgence sur un site contaminé |h[ressource électronique]
260 |aDownsview - Ontario : |bEnvironnement Canada.
300 |a3p.|bfigure, références
4901 |aBATs sur les sites contaminés |vBAT #9
590 |a14-13-Supp|b2014-06-23
77508|tEmergency response procedures at a contaminated site |w(CaOODSP)9.579810
830#0|aBATs sur les sites contaminés ;|vBAT #9|w(CaOODSP)9.504217
85640|ahttp://publications.gc.ca|qPDF|s149 Ko|uhttps://publications.gc.ca/collections/collection_2014/ec/En163-1-9-fra.pdf|yBAT #9